|
|
|
|
| LEADER |
01222ppm a22003378a 4500 |
| 001 |
00031330 |
| 005 |
20171026081025.0 |
| 008 |
131128s2010 ||||||viesd |
| 041 |
0 |
# |
|a vie
|
| 082 |
1 |
4 |
|b Đ113TR
|a 895.922 100 9
|
| 100 |
1 |
# |
|a Lê, Thị Hồ Quang
|
| 245 |
0 |
0 |
|a Đặc trưng nghệ thuật thơ Tế Hanh
|b Luận văn thạc sĩ ngữ văn. Chuyên ngành: Văn học Việt Nam. Mã số: 60.22.34
|c Lê Thị Hồ Quang; Dương Thị Thủy Ngân (hướng dẫn)
|
| 260 |
# |
# |
|a Vinh
|b Đại học Vinh
|c 2010
|
| 300 |
# |
# |
|a 115 tr.
|c 30cm.
|
| 500 |
# |
# |
|a ĐTTTS ghi: Bộ giáo dục và đào tạo. Trường Đại học Vinh
|
| 600 |
1 |
4 |
|a Tế, Hanh
|
| 653 |
# |
# |
|a Luận văn
|
| 653 |
# |
# |
|a Đặc trưng
|
| 653 |
# |
# |
|a Văn học việt Nam
|
| 653 |
# |
# |
|a Thơ
|
| 653 |
# |
# |
|a Nghiên cứu văn học
|
| 653 |
# |
# |
|a Ngữ văn
|
| 700 |
1 |
# |
|a Dương, Thị Thủy Ngân
|e Hướng dẫn
|
| 852 |
# |
# |
|b Kho đọc SĐH
|j LV.0000355
|
| 852 |
# |
# |
|j LV.0000355
|
| 910 |
|
|
|d 28/11/2013
|
| 980 |
# |
# |
|a Trung tâm Học liệu Lê Vũ Hùng, Trường Đại học Đồng Tháp
|